| 000 | 00426nam a2200157Ia 4500 | ||
|---|---|---|---|
| 008 | 240729s9999 xx 000 0 und d | ||
| 022 | _a2035-6609 | ||
| 245 | 0 | _aPartecipazione e Conflitto | |
| 260 | _aItaly | ||
| 260 | _bCoordinamento SIBA | ||
| 650 | _a Political science (General) | ||
| 650 | _aPolitical science | ||
| 856 | _uhttps://doaj.org/toc/b09fa335bfce46fa835eb80c230da20e | ||
| 942 | _2ddc | ||
| 942 | _cDOAJEJ | ||
| 999 |
_c65829 _d65829 |
||
| 945 |
_a1 _bMadushi Gamage _c1 _dMadushi Gamage |
||